000 00932nam a2200241Ia 4500
999 _c65219
_d65219
005 20240530110813.0
008 140319s2008 au a f b 000 0 ara d
017 _a2007/22824
_bمصر. دار الكتب
020 _a9772325977
040 _aGCL /
_cGCL
082 0 4 _221
_a746.92 /
_bك أ
100 0 _aكفاية سليمان احمد
245 1 0 _aاسس تصميم الملابس الخارجية للرجال /
_cكفاية سليمان احمد ، اشرف عبدالحكيم نورالدين
250 _aط.1
260 _aالقاهرة :
_bعالم الكتب،
_c2008 .
300 _a464 ص. :
_bصور. ؛
_c24 سم.
650 0 7 _aتصميم الازياء
_2qrmak
650 0 7 _aالملابس الخارجية للرجال
_2qrmak
651 _2qrmak
700 0 _aاشرف عبدالحكيم نورالدين
_eمؤلف مشارك
942 _2ddc
_cBK